Responses for show #2052 - Tuesday, July 6, 1993

Ed Schiffer game 2.

Contestants

[<< previous game]

George Kopp, a journalist originally from New Rochelle, New York

Jennifer Read, a bookseller from Portland, Maine

Ed Schiffer, a college lecturer originally from New York City, New York (whose 1-day cash winnings total $13,201)

[next game >>]

Jeopardy! Round responses

AROUND THE WORLD
MOVIE CLASSICS
BUSINESS & INDUSTRY
MODERN HISTORY
CONTAINERS
"O" NO!
    $100 16
Malta

Ed
    $100 1
Gone with the Wind

George
    $100 6
Reebok

Ed
    $100 12
Korea

Jennifer
    $100 26
pouches

George
    $100 7
oysters

Ed
    $200 17
Great Britain

Ed
    $200 2
Dracula

Ed
    $200 15
Clorox

Ed
    $200 13
(Ed: Who is Duvalier?)
(Alex: Be more specific?)

"Baby Doc" Duvalier

Ed
    $200 27
a canister

George
    $200 8
ornithology

Jennifer
    $300 18
Portugal

Ed
    $300 3
The Maltese Falcon

George
    $300 20
Tootsie Roll

Ed
    $300 14
Sputnik

George
    $300 28
a capsule

George
    $300 9
Oxford

Ed
    $400 19
the Aegean

George
    $400 4
courage

George
    $400 22
Sears

George
    $400 24
Che Guevara

Ed
    $400 29
a cedar chest

George
    $400 10
the Old Vic

Jennifer
    $500 21
(Jennifer: What is Great Britain?)

France

Jennifer
Triple Stumper
    $500 5
20,000 Leagues Under the Sea

George
    $500 23
Doritos

Ed
    $500 25
the Khmer Rouge

Ed
    $500 30
a dumpster

Jennifer
    $500 11
O'Higgins

Jennifer

Scores at the first commercial break (after clue 15):

Ed Jennifer George
$1,100 $1,200 $1,600

Scores at the end of the Jeopardy! Round:

Ed Jennifer George
$3,400 $1,200 $3,400

Double Jeopardy! Round responses

SCIENCE
FRENCH ART & ARTISTS
ASSASSINATIONS
FORESTS
SECOND PEOPLE
FICTIONAL CHARACTERS
    $200 22
E = mc2

Ed
    $200 7
an angel

George
    $200 19
Italy

Ed
    $200 6
Florida

George
    $200 14
King James I

Jennifer
    $200 1
Perry Mason

Ed
    $400 27
electrolysis

Jennifer
    $400 8
the Moulin Rouge

Ed
    $400 20
St. Petersburg

Ed
    $400 9
Michigan

George
    $400 15
John Quincy Adams

Ed
    $400 2
Rich Man, Poor Man

Ed
    $600 28
Polaris

George
    $600 10
Manet

Jennifer
    $600 21
Sweden

Jennifer
    $1,000 13
Louisiana

George
    $600 16
Buzz Aldrin

Jennifer
    $600 3
Charlie Chan

George
    $800 29
curium

Jennifer
    $2,000 11
Monet

Jennifer
    $800 23
(George: Who is Aquino?)
(Alex: Be more specific.)
(George: Who is Benito Aquino?)

Benigno Aquino

EdGeorge
    $800 25
New Hampshire

Ed
    $800 17
(Christopher) Marlowe

Ed
    $800 4
Silas Marner

Ed
    $1000 30
Mercury

Jennifer
    $1000 12
Matisse

George
    $1000 24
Liberia

Ed
    $1000 26
Idaho

Triple Stumper
    $1000 18
(Samuel Taylor) Coleridge

Ed
    $1000 5
the Count of Monte Cristo

Jennifer

Scores at the end of the Double Jeopardy! Round:

Ed Jennifer George
$10,800 $8,400 $6,600

[wagering suggestions for these scores]

Final Jeopardy! Round responses

PRESIDENTIAL INAUGURATIONS
(Alex: [After revealing Jennifer's response] The man used over 8,000 words, he paid the ultimate price of course, he died shortly thereafter, he caught a bad cold. Your wager: $8,000.)
(Jennifer: A dollar a word.)
(Alex: A dollar a word. That's a good way to look at it. A calligrapher thinks in those terms.)
GeorgeWho was Washing T Roosevelt
$0
JenniferWho was W H Harrison?
$8,000
EdWho was William Henry Harrison?
$6,001
William Henry Harrison

Final scores:

Ed Jennifer George
$16,801 $16,400 $6,600
2-day champion: $30,002 2nd place: Lanier Fax 3400 plain paper facsimilie + Bassett home office station desk 3rd place: Pure Dream limited edition serigraph signed & numbered by artist Hessam Abrishami from Collectors Editions

Game dynamics:

Coryat scores:

Ed Jennifer George
$10,800 $7,200 $6,200
26 R
(including 1 DD),
0 W
14 R
(including 1 DD),
1 W
18 R
(including 1 DD),
1 W

Combined Coryat: $24,200

The J! Archive is created by fans, for fans. The Jeopardy! game show and all elements thereof, including but not limited to copyright and trademark thereto, are the property of Jeopardy Productions, Inc. and are protected under law. This website is not affiliated with, sponsored by, or operated by Jeopardy Productions, Inc. Join the discussion at JBoard.tv.